000 00636nam a22002177a 4500
999 _c6110
_d6110
003 AR-CdUCM
008 190313b ||||| |||| 00| 0 spa d
040 _aMUNICIPALIDAD PROVINCIAL DEL CUSCO
_cBIBLIOTECA MUNICIPAL DEL CUSCO
082 _22ed.
_a868.3 /
_bP75
100 _aPolar, Juan Manuel
_910606
245 _aDon Quijote en Yanquilandia /
260 _aCusco :
_bEdit. H.G.Rozas,
_c1958.
300 _a95 paginas ;
_c16 cm.
500 _aDonación sala Nieto
505 _aContenido :Novela /
650 _aLiteratura peruana
_9169
650 _aNovela
_95
650 _aSiglo XX
_98
942 _2ddc
_cLIBROS
945 _arjall